000 00414nam a2200169Ia 4500
008 230711s9999||||xx |||||||||||||| ||und||
020 _a978-81-8489-641-1
041 _aENG
082 _a637
_bEA-T
100 _aEarly,Ralph
245 4 _aThe Technology of Dairy Products
250 _a2nd Ed.
260 _c1998
_aNew Delhi
_bSpringer
300 _a446p.
650 _aFood Science and Technology
942 _cBK
999 _c7394
_d7394